000 00748nam a2200241Ia 4500
003 OSt
005 20220927104406.0
006 a|||||r|||| 00| 0
007 ta
008 220926b |||||||| |||| 00| 0 eng d
024 _a150591
037 _cReference Collections
040 _aRTL
_cRTL
_beng
041 _2eng
_aeng
082 _a"X:9p1,N63, K3.1-2/UN"
110 _aINTERNATIONAL LABOUR OFFICE.
245 0 _a"First item on the agenda rport of the Director General forty - seventh session , 1963"
260 _aGeneva
_bInternational Labour Office
_c1963
300 _a76p.
_ccm.
700 _aINTERNATIONAL LABOUR OFFICE.
942 _h"X:9p1,N63, K3.1-2/UN"
_cCC
999 _c687091
_d687091